000 00443nam a2200169Ia 4500
003 OSt
005 20260323153906.0
008 211028s2019 xx 000 0 und d
040 _cAIMIT LIBRARY
041 _aeng
100 _aShetty, Shama S; Kumar, Rakesh.
_g161772
_95425
110 _aSanthosh B
_95426
245 _aCompany secretarial web /
260 _aMangalore
_c2019
710 _aFirst Global Software
_95427
942 _2ddc
_cPRO
999 _c217901
_d217901